000 00580 a2200181 4500
003 NUST
005 20260204175615.0
040 _cNust
082 _a621.382,SAL
100 _aSaleem ,NC Bint Ayesha (TCC-13)
_9131331
245 _aDesign and implementation of soft PABX using VOIP /
_cAyesha Bint Saleem, Amina Saleem , Ahmed Bilal and Khurram Pervaiz (TCC-13)
260 _aRawalpindi
_bMCS
_c2005
300 _a74, p;
650 _aUG Projects
_998716
651 _aTE-38/TCC-13
_9131332
700 _aSupervised by Imran Rasheed and Umer Farooq
_9133097
942 _cPR
_2ddc
999 _c183122
_d183122